zpět

Detail výsledku týmu

Suzie's, Brno

Datum a čas kvízu

32 Celkem bodů Celkový počet nahraných bodů na tomto kvízu bez doplňovacích otázek.
4. Pořadí na kvízu Konečné umístění týmu na tomto kvízu.

Zaznamenané odpovědi

# Otázka Odpověď Body Výsledky
1. Na domě v Praze nedaleko Vyšeh... Šemík Happy End 1
2. Minulý týden jsme se dozvěděli... C 1
3. Minulý týden bylo oznámeno pok... Mumie 0
4. Která velká čínská firma prodá... Shein 1
5. Který bývalý profesionální spo... David Beckham 1
6. První novodobé hry se konaly v... C 0
7. U maratonu ještě zůstaneme. Me... v Římě, běžel bosky 0
8. V roce 1976 v Montrealu k finá... 14 let (13 nebo 15 let za půl bodu) 1
9. Nyní se přeneseme na olympijsk... Kateřina Kůrková, Matthew Emmons 0
10. Na závěr postupně uslyšíte tři... 3, 2, 1 1